000 00453nam a2200169Ia 4500
005 20250508163122.0
008 008 250505s9999 xx 000 0 eng d
037 _aBooks to be hide in OPAC
040 _aFEDL
_beng
_cFEDL
041 _aeng
_2eng
084 _a376, DEE/O
_qFEDL
100 _aDeem Rosemary
_9291332
245 0 _aCo education reconsodered
300 _axx,108p.
942 _cHB
_h376, DEE/O
999 _c1380966
_d1380966